Administrative thinkers/ (Record no. 163197)

000 -LEADER
fixed length control field 00350nam a22001331a 4500
020 ## - INTERNATIONAL STANDARD BOOK NUMBER
International Standard Book Number 9780333929841
082 ## - DEWEY DECIMAL CLASSIFICATION NUMBER
Classification number 352.3
Item number RAV/A
245 ## - TITLE STATEMENT
Title Administrative thinkers/
Statement of responsibility, etc. by Ravindra Prasad D (ed.).
260 ## - PUBLICATION, DISTRIBUTION, ETC.
Place of publication, distribution, etc. New Delhi:
Name of publisher, distributor, etc. Sterling,
Date of publication, distribution, etc. 1994.
300 ## - PHYSICAL DESCRIPTION
Extent 313p.
650 ## - SUBJECT ADDED ENTRY--TOPICAL TERM
Topical term or geographic name entry element Public Administrators
700 ## - ADDED ENTRY--PERSONAL NAME
Personal name Ravindra Prasad D (ed.)
942 ## - ADDED ENTRY ELEMENTS (KOHA)
Koha item type Book
Holdings
Withdrawn status Lost status Damaged status Not for loan Permanent Location Current Location Shelving location Date acquired Cost, normal purchase price Total Checkouts Full call number Barcode Date last seen Price effective from Koha item type
        RC Thiruvananthapuram RC Thiruvananthapuram   17.10.2018 60.00   352.3 RAV/A TV013350 17.10.2018 17.10.2018 Book